Il misticismo moderno / (Record no. 166648)

MARC details
000 -LEADER
campo de control de longitud fija 00795nam a2200229 i 4500
001 - NÚMERO DE CONTROL
campo de control 166648
003 - IDENTIFICADOR DE NÚMERO DE CONTROL
campo de control ES-MaACL
005 - FECHA Y HORA DE LA ÚLTIMA TRANSACCIÓN
campo de control 20250804062757.0
008 - DATOS DE LONGITUD FIJA--INFORMACIÓN GENERAL
campo de control de longitud fija 050916s1899 it | |||||||| ||ita d
040 ## - FUENTE DE CATALOGACIÓN
Centro catalogador/agencia de origen CAM
Lengua de catalogación spa
Centro/agencia transcriptor CAM
100 1# - ENTRADA PRINCIPAL--NOMBRE DE PERSONA
Nombre de persona Troilo, E.
9 (RLIN) 133385
245 13 - MENCIÓN DEL TÍTULO
Título Il misticismo moderno /
Mención de responsabilidad, etc. E. Troilo.
260 ## - PUBLICACIÓN, DISTRIBUCIÓN, ETC.
Lugar de publicación, distribución, etc. Torino :
Nombre del editor, distribuidor, etc. Fratelli Bocca, editori,
Fecha de publicación, distribución, etc. 1899 (
Fabricante Tip. Succ. A. Baglione)
300 ## - DESCRIPCIÓN FÍSICA
Extensión VIII, 311 p. ;
Dimensiones 21 cm.
490 1# - MENCIÓN DE SERIE
Mención de serie Piccola biblioteca di scienze moderne ;
Designación de volumen o secuencia 12
598 ## - NOTA LOCAL
Nota local Dato de serie tomado de la cub.
650 ## - PUNTO DE ACCESO ADICIONAL DE MATERIA--TÉRMINO DE MATERIA
Término de materia o nombre geográfico como elemento de entrada Misticismo.
9 (RLIN) 15086
650 #7 - PUNTO DE ACCESO ADICIONAL DE MATERIA--TÉRMINO DE MATERIA
Término de materia o nombre geográfico como elemento de entrada Filosofía
Fuente del encabezamiento o término embne
9 (RLIN) 12802
830 0# - PUNTO DE ACCESO ADICIONAL DE SERIE-TÍTULO UNIFORME
Título uniforme Piccola biblioteca di scienze moderne ;
Designación de volumen o secuencia 12
9 (RLIN) 187013
852 ## - LOCALIZACIÓN
Ubicación ES-MaACL
Número de control de estantería F-5017
Nota libre -- Enc. ed. en tela, conservando la cub. original
Holdings
Estatus retirado Estado de pérdida Estado de daño No para préstamo Colección Biblioteca de origen Biblioteca actual Ubicación en estantería Fecha de adquisición Fuente de adquisición Total de préstamos Signatura topográfica completa Código de barras Visto por última vez Precio de reemplazo Tipo de ítem Koha
        Libros del s. XIX Biblioteca del Ateneo de Madrid Biblioteca del Ateneo de Madrid Depósito 2 17/01/2008     F-5017 1174781 23/02/2023 23/02/2023 Libro impreso antiguo